000 00833naa a22002537u 4500
001 06443
003 HDC
007 cr cn ---aaaaa
008 210123p2007 ||||| |||| 00| 0 may d
040 _aHDC
100 _aYaakob
_eauthor
_96898
245 0 _aMartabatkan Industri Makanan Halal / oleh
_cYaabob
260 _a[no place] :
_b[publisher not identified],
_c2007
300 _a1 online resource ( 2 pages)
336 _atext
_2rdacontent
337 _acomputer
_2rdamedia
338 _aonline resource
_2rdacarrier
650 _aHalal food
_950
650 _aHalal industry
_zMalaysia
_9204
856 _zRequest full-text at [email protected]
942 _2lcc
942 _cAR
942 _kEMAG 000268
999 _c3767
_d3767